The mythical origin of the Egyptian temple /

محفوظ في:

المؤلف الرئيسي: Reymond, E. A. E. (مؤلف)

التنسيق: كتاب

اللغة: English

منشور في: Manchester ; New York : Manchester U.P. : Barnes and Noble, 1969.

الموضوعات:

الوسوم: إضافة وسم

لا توجد وسوم, كن أول من يضع وسما على هذه التسجيلة!

رقم الطلب: BL2441.2 .R4 1969

LEADER 00860nam a2200277 4500
001 3681
003 OSt
005 20250929094259.0
008 130303s1969 enka b 000 0 eng d
010 |a 79407634 
015 |a B*** 
020 |a 0719003113 
040 |c ARCE Library 
043 |a f-ua--- 
050 4 |a BL2441.2 .R4 1969 
100 1 |a Reymond, E. A. E.,   |q (Eve A. E.),  |e author 
245 1 4 |a The mythical origin of the Egyptian temple /   |c by E. A. E. Reymond. 
264 1 |a Manchester ;   |a New York :   |b Manchester U.P. :   |b Barnes and Noble,   |c 1969. 
300 |a viii, 355 pages :  |b illustrations ;  |c 22 cm. 
500 |a Based on author's thesis -- University of Liverpool, 1960. 
504 |a Bibliography : pages [339]-342. 
650 0 |a Temples  |z Egypt. 
650 0 |a Mythology, Egyptian. 
901 |a reviewed 
942 |c BK  |2 lcc 
999 |c 9068  |d 9068